[Event "Sao Bernardo do Campo LXSBC Classico 3a"]
[Site "Sao Bernardo do Campo"]
[Date "2016.09.25"]
[Round "6.7"]
[White "Santos, Marcos Correia"]
[Black "Camacho, Carlos Eduardo"]
[Result "0-1"]
[WhiteElo "1661"]
[BlackElo "1495"]
[PlyCount "124"]
[EventDate "2016.09.23"]
[EventType "swiss"]
[EventRounds "6"]
[EventCountry "BRA"]
[SourceTitle "EXT 2022"]
[Source "ChessBase"]
[SourceDate "2021.10.06"]
[SourceVersion "1"]
[SourceVersionDate "2021.10.06"]
[SourceQuality "1"]

1. e4 c5 2. Nf3 e6 3. d4 cxd4 4. Nxd4 a6 5. c4 Qc7 6. Nc3 Nf6 7. g3 Bb4 8. Qd3 b6 9. Bg2 Bb7 10. 0-0 Nc6 11. b3 0-0 12. Bb2 Ne5 13. Qc2 Rac8 14. Nde2 Rfd8 15. a3 Be7 16. Rad1 d5 17. exd5 exd5 18. Bh3 Rb8 19. cxd5 Nf3+ 20. Kh1 Nxd5 21. Bg2 Nxc3 22. Qxc3 Qxc3 23. Nxc3 Nd2 24. Rfe1 Bxg2+ 25. Kxg2 Bf6 26. b4 Nc4 27. Rb1 Nxb2 28. Ne4 Bd4 29. Re2 Nc4 30. Rb3 f5 31. Ng5 Rf8 32. Rc2 b5 33. Rd3 Bb6 34. a4 h6 35. Nf3 Rbd8 36. Rxd8 Rxd8 37. axb5 axb5 38. Nh4 Rd5 39. Ng6 Kf7 40. Nf4 Rd6 41. Re2 g5 42. Nh3 Re6 43. Ra2 Ne5 44. Rd2 Ke7 45. f4 Nf7 46. fxg5 hxg5 47. Rd5 Re5 48. Rxe5+ Nxe5 49. Nxg5 Nd3 50. h4 Kf6 51. Nf3 Nxb4 52. Nd2 Nc2 53. Kf3 Be3 54. Nb3 Bb6 55. g4 fxg4+ 56. Kxg4 Nd4 57. Nxd4 Bxd4 58. h5 Ke6 59. Kf3 Kd5 60. Ke2 Kc4 61. Kd1 Kb3 62. Kc1 Ka2 0-1

[Event "Sao Bernardo do Campo LXSBC Classico 3a"]
[Site "Sao Bernardo do Campo"]
[Date "2016.09.24"]
[Round "3.5"]
[White "Jenidarchiche, Douglas Rodrigo"]
[Black "Camacho, Carlos Eduardo"]
[Result "1-0"]
[WhiteElo "1808"]
[BlackElo "1495"]
[PlyCount "91"]
[EventDate "2016.09.23"]
[EventType "swiss"]
[EventRounds "6"]
[EventCountry "BRA"]
[SourceTitle "EXT 2022"]
[Source "ChessBase"]
[SourceDate "2021.10.06"]
[SourceVersion "1"]
[SourceVersionDate "2021.10.06"]
[SourceQuality "1"]

1. Nf3 Nf6 2. g3 d6 3. Bg2 e5 4. d3 Be7 5. 0-0 0-0 6. c4 c6 7. Nc3 Qc7 8. Rb1 a5 9. a3 b6 10. b4 axb4 11. axb4 Nbd7 12. Qb3 Bb7 13. e4 h6 14. Nh4 Rfe8 15. f4 exf4 16. Nf5 Ne5 17. d4 Ng6 18. Bxf4 Nxf4 19. Rxf4 Bf8 20. Nxh6+ gxh6 21. Rxf6 Bg7 22. Rf3 Bxd4+ 23. Kh1 Re7 24. Rbf1 Rf8 25. Rf4 Bc8 26. Rh4 Bg7 27. Ne2 c5 28. Nf4 Be6 29. b5 Qd7 30. Nh5 f6 31. Nxg7 Kxg7 32. Qe3 Rh8 33. Qf4 Rf7 34. Rd1 Bxc4 35. Rxd6 Qc8 36. Bh3 Qa8 37. Rg4+ Kf8 38. Rd1 Ke8 39. Qd6 Rhf8 40. Rf4 Bxb5 41. Qxb6 Bc6 42. Bf5 Rg8 43. Be6 Bxe4+ 44. Kg1 Rg6 45. Rxe4 Re7 46. Ra4 1-0

[Event "Sao Bernardo do Campo LXSBC Classico 3a"]
[Site "Sao Bernardo do Campo"]
[Date "2016.09.23"]
[Round "2.10"]
[White "Camacho, Carlos Eduardo"]
[Black "Ferreira de Souza, Ricardo"]
[Result "1-0"]
[WhiteElo "1495"]
[BlackElo "1411"]
[PlyCount "75"]
[EventDate "2016.09.23"]
[EventType "swiss"]
[EventRounds "6"]
[EventCountry "BRA"]
[SourceTitle "EXT 2022"]
[Source "ChessBase"]
[SourceDate "2021.10.06"]
[SourceVersion "1"]
[SourceVersionDate "2021.10.06"]
[SourceQuality "1"]

1. d4 d5 2. Nf3 Nc6 3. c3 f6 4. Bf4 Bf5 5. e3 e6 6. Bd3 Nge7 7. h3 Qd7 8. 0-0 0-0-0 9. b4 g5 10. Bh2 h5 11. Bxf5 Nxf5 12. Re1 g4 13. hxg4 hxg4 14. Nfd2 Qh7 15. Nf1 Bd6 16. g3 Nxg3 17. fxg3 f5 18. Re2 Rdg8 19. a4 Rg5 20. Raa2 Rh5 21. Rg2 Rh3 22. Qe1 Ne7 23. Na3 a6 24. b5 a5 25. b6 c6 26. c4 Bb4 27. Qe2 Ng6 28. cxd5 Ne7 29. Nc2 Bd6 30. Ne1 Kb8 31. Nd3 Nc8 32. Rb2 Rh5 33. Qd2 Re8 34. Nf4 Bb4 35. Rxb4 axb4 36. Nxh5 Qxh5 37. Qxb4 Qf7 38. a5 1-0

[Event "Sao Bernardo do Campo op"]
[Site "Sao Bernardo do Campo"]
[Date "2016.07.22"]
[Round "1"]
[White "Saito, Vinicius Ikezu"]
[Black "Camacho, Carlos Eduardo"]
[Result "1-0"]
[WhiteElo "2117"]
[BlackElo "1500"]
[PlyCount "115"]
[EventDate "2016.07.22"]
[EventType "swiss"]
[EventRounds "6"]
[EventCountry "BRA"]
[SourceTitle "EXT 2017"]
[Source "ChessBase"]
[SourceDate "2016.10.25"]
[SourceVersion "1"]
[SourceVersionDate "2016.10.25"]
[SourceQuality "1"]

1. c4 c5 2. g3 Nc6 3. Bg2 g6 4. Nc3 Bg7 5. e3 Nf6 6. Nge2 0-0 7. 0-0 d6 8. d4 cxd4 9. Nxd4 Bd7 10. b3 Qc8 11. Bb2 Bh3 12. Rc1 Bxg2 13. Kxg2 a6 14. Nd5 Qd8 15. Nxc6 bxc6 16. Bxf6 exf6 17. Nf4 f5 18. Qf3 Qd7 19. Rfd1 Rfd8 20. Rc2 a5 21. Rcd2 Bf8 22. Nd3 Qc7 23. h4 h5 24. Nf4 Rd7 25. e4 fxe4 26. Qxe4 Rad8 27. Rd3 Re7 28. Qf3 Re5 29. Ne2 Rde8 30. Nd4 Rc5 31. Qf4 Rce5 32. Rf3 Re4 33. Qd2 Bg7 34. Nc2 R8e6 35. Re1 Rxe1 36. Nxe1 Kh7 37. Rd3 Bh6 38. Qd1 Qe7 39. Nf3 c5 40. Rd5 f5 41. Qd3 Rf6 42. a3 Bf8 43. Ng5+ Kg7 44. b4 axb4 45. axb4 cxb4 46. Rb5 Qc7 47. Qd5 Qd8 48. Rb7+ Be7 49. Ne6+ Rxe6 50. Qxe6 Kf8 51. f3 Qe8 52. Rxb4 Qf7 53. Rb8+ Kg7 54. Qc8 Kf6 55. Kf2 Ke5 56. Rb5+ Kd4 57. Rd5+ Kc3 58. Qa6 1-0

[Event "Sao Caetano do Sul-ch 2nd"]
[Site "Sao Caetano do Sul"]
[Date "2016.06.04"]
[Round "3"]
[White "Camacho, Carlos Eduardo"]
[Black "Silvestre, Evandro"]
[Result "1-0"]
[WhiteElo "1500"]
[BlackElo "2000"]
[PlyCount "114"]
[EventDate "2016.06.04"]
[EventType "swiss"]
[EventRounds "6"]
[EventCountry "BRA"]
[SourceTitle "EXT 2017"]
[Source "ChessBase"]
[SourceDate "2016.10.25"]
[SourceVersion "1"]
[SourceVersionDate "2016.10.25"]
[SourceQuality "1"]

1. d4 d5 2. c4 e6 3. Nf3 Nf6 4. Bg5 Be7 5. Nc3 b6 6. cxd5 Nxd5 7. Bxe7 Nxe7 8. e4 Bb7 9. Bd3 Nd7 10. 0-0 0-0 11. Qc2 h6 12. b4 a6 13. Rac1 Rc8 14. Rfd1 c6 15. Qe2 a5 16. a3 Re8 17. h3 Nf8 18. Bb1 Qc7 19. g3 Neg6 20. Nh2 axb4 21. axb4 Qe7 22. Na2 Qg5 23. Qg4 Nh7 24. h4 Qxg4 25. Nxg4 h5 26. Ne3 Red8 27. Nc4 b5 28. Na5 Ba8 29. e5 Ne7 30. Nc3 Nd5 31. Nxd5 cxd5 32. Bd3 Nf8 33. Bxb5 Rb8 34. Rc5 Nd7 35. Bxd7 Rxd7 36. b5 Bb7 37. Rdc1 Kh7 38. Rc7 Rxc7 39. Rxc7 Ba8 40. Ra7 Kg6 41. b6 Rxb6 42. Rxa8 Rb1+ 43. Kg2 Ra1 44. Ra7 f6 45. exf6 gxf6 46. Nc6 Rd1 47. Kf3 Re1 48. Re7 Re4 49. Kg2 Kf5 50. Nd8 e5 51. dxe5 fxe5 52. f3 Re2+ 53. Kh3 d4 54. Nc6 d3 55. Rd7 d2 56. Rd3 Re3 57. Rxd2 Rxf3 1-0

[Event "Sao Bernardo do Campo LXSBC STD I"]
[Site "Sao Bernardo do Campo"]
[Date "2016.05.22"]
[Round "5.11"]
[White "Camacho, Carlos Eduardo"]
[Black "Silva, Cicero Tavares"]
[Result "1/2-1/2"]
[WhiteElo "1767"]
[BlackElo "1604"]
[PlyCount "90"]
[EventDate "2016.05.20"]
[EventType "swiss"]
[EventRounds "6"]
[EventCountry "BRA"]
[SourceTitle "EXT 2022"]
[Source "ChessBase"]
[SourceDate "2021.10.06"]
[SourceVersion "1"]
[SourceVersionDate "2021.10.06"]
[SourceQuality "1"]

1. d4 Nf6 2. c4 e6 3. Nf3 d5 4. Bg5 Bb4+ 5. Nc3 0-0 6. e3 c5 7. a3 Bxc3+ 8. bxc3 Nbd7 9. Bd3 Qa5 10. Qc2 Ne4 11. Bxe4 dxe4 12. Nd2 f5 13. Nb3 Qc7 14. Bf4 e5 15. dxe5 Nxe5 16. 0-0 Qe7 17. Bxe5 Qxe5 18. Rad1 Be6 19. Nd2 Rad8 20. Rfe1 Rd3 21. Nb1 Bxc4 22. Rxd3 Bxd3 23. Qb2 g5 24. Nd2 b5 25. a4 b4 26. Qa2+ c4 27. cxb4 Qc3 28. b5 Rd8 29. a5 Rb8 30. b6 axb6 31. axb6 Qb4 32. Rc1 Rxb6 33. h3 Qb2 34. Qxb2 Rxb2 35. Nxc4 Rc2 36. Rxc2 Bxc2 37. Nd6 f4 38. exf4 gxf4 39. Kf1 Kg7 40. g3 f3 41. Ke1 Kf6 42. Kd2 Bb1 43. Ke3 Ke5 44. Nf7+ Kf6 45. Nd6 Ke5 1/2-1/2

[Event "Sao Bernardo do Campo LXSBC STD I"]
[Site "Sao Bernardo do Campo"]
[Date "2016.05.21"]
[Round "4.10"]
[White "Cordeiro da Silva, Felipe"]
[Black "Camacho, Carlos Eduardo"]
[Result "1-0"]
[WhiteElo "1733"]
[BlackElo "1767"]
[PlyCount "93"]
[EventDate "2016.05.20"]
[EventType "swiss"]
[EventRounds "6"]
[EventCountry "BRA"]
[SourceTitle "EXT 2022"]
[Source "ChessBase"]
[SourceDate "2021.10.06"]
[SourceVersion "1"]
[SourceVersionDate "2021.10.06"]
[SourceQuality "1"]

1. d4 c5 2. Nf3 e6 3. e4 cxd4 4. Nxd4 a6 5. c4 Qc7 6. a3 Nf6 7. Nc3 Nc6 8. Be3 Be7 9. Rc1 0-0 10. Be2 b6 11. b4 d6 12. Ncb5 Qb7 13. Nxc6 Qxc6 14. Nd4 Qc7 15. Bf3 Bb7 16. Qd3 Nd7 17. Be2 Ne5 18. Qc2 Rac8 19. f4 Nc6 20. 0-0 Nxd4 21. Bxd4 e5 22. Be3 d5 23. Bg4 d4 24. Bxc8 Rxc8 25. Bd2 Rd8 26. Qd3 Bf6 27. f5 Qc6 28. Rfe1 g6 29. c5 gxf5 30. Qg3+ Kh8 31. cxb6 Qxb6 32. Bg5 Rg8 33. Bxf6+ Qxf6 34. Qf2 Qg6 35. Rc7 Ba8 36. Ra7 f4 37. Qf3 Rf8 38. Qd3 Rg8 39. Re2 Qc6 40. Rxa6 Qc1+ 41. Kf2 Qh1 42. Qh3 d3 43. Re1 Qxe1+ 44. Kxe1 Bxe4 45. g4 Rc8 46. Kd1 Bg6 47. Rxg6 1-0

[Event "Remote 4er High 0032 email"]
[Site "Remote email"]
[Date "2014.06.21"]
[Round "?"]
[White "Camacho, Carlos Eduardo"]
[Black "Schneider, Hans"]
[Result "1-0"]
[WhiteElo "2301"]
[BlackElo "2184"]
[PlyCount "63"]
[EventDate "2014.??.??"]
[EventType "tourn (corr)"]
[EventRounds "6"]
[EventCountry "GER"]
[SourceTitle "Corr 2015"]
[Source "ChessBase"]
[SourceDate "2015.07.17"]
[SourceVersion "1"]
[SourceVersionDate "2015.07.17"]
[SourceQuality "1"]

1. e4 e5 2. Nf3 Nc6 3. Bc4 Bc5 4. d3 Nf6 5. Nc3 d6 6. Bg5 h6 7. Bxf6 Qxf6 8. Nd5 Qd8 9. c3 a6 10. d4 Ba7 11. Ne3 0-0 12. 0-0 Na5 13. Bd3 Nc6 14. Bc2 exd4 15. cxd4 Re8 16. Rc1 Bd7 17. Re1 Ne7 18. e5 dxe5 19. Qd3 g6 20. dxe5 Be6 21. Qe4 c6 22. Rcd1 Qb6 23. Qf4 Qxb2 24. Rd2 Bxe3 25. fxe3 Rad8 26. Rf2 Qc3 27. Qxh6 Nf5 28. Bxf5 gxf5 29. Ref1 Bc4 30. Qg5+ Kf8 31. Qf6 Bxf1 32. Nh4 1-0

[Event "Remote 4er High 0032 email"]
[Site "Remote email"]
[Date "2014.06.21"]
[Round "?"]
[White "Marwitz, Ullrich"]
[Black "Camacho, Carlos Eduardo"]
[Result "1-0"]
[WhiteElo "2217"]
[BlackElo "2301"]
[PlyCount "89"]
[EventDate "2014.??.??"]
[EventType "tourn (corr)"]
[EventRounds "6"]
[EventCountry "GER"]
[SourceTitle "Corr 2015"]
[Source "ChessBase"]
[SourceDate "2015.07.17"]
[SourceVersion "1"]
[SourceVersionDate "2015.07.17"]
[SourceQuality "1"]

1. e4 d6 2. d4 Nf6 3. Nc3 Nbd7 4. f4 e5 5. Nf3 exd4 6. Qxd4 c6 7. Be3 d5 8. exd5 Bc5 9. Qd3 Qe7 10. Nd4 Ng4 11. Nf5 Nde5 12. Nxe7 Nxd3+ 13. Bxd3 Nxe3 14. Nxc8 Rxc8 15. Na4 Bd6 16. dxc6 Rxc6 17. Kf2 Nxc2 18. Rac1 Nb4 19. Bb5 0-0 20. Bxc6 Nd3+ 21. Kf3 Nxc1 22. a3 Nd3 23. Rd1 bxc6 24. Rxd3 Rd8 25. Nc5 Be7 26. Rxd8+ Bxd8 27. Ke4 Bc7 28. Na6 Bd6 29. Nb4 Bxb4 30. axb4 Kf8 31. Kd4 Ke7 32. Kc5 Kd7 33. b5 cxb5 34. Kxb5 Kc7 35. Ka6 Kb8 36. g4 Ka8 37. g5 h6 38. gxh6 gxh6 39. Kb5 Kb7 40. Kc5 Kc7 41. Kd5 Kd7 42. b4 a6 43. h4 f6 44. h5 Ke7 45. Kc5 1-0

[Event "Remote 4er 0247 email"]
[Site "Remote email"]
[Date "2014.06.04"]
[Round "?"]
[White "Camacho, Carlos Eduardo"]
[Black "Schneider, Hans"]
[Result "1-0"]
[WhiteElo "2301"]
[BlackElo "2184"]
[PlyCount "69"]
[EventDate "2014.??.??"]
[EventType "tourn (corr)"]
[EventRounds "6"]
[EventCountry "GER"]
[SourceTitle "Corr 2015"]
[Source "ChessBase"]
[SourceDate "2015.07.17"]
[SourceVersion "1"]
[SourceVersionDate "2015.07.17"]
[SourceQuality "1"]

1. d4 Nc6 2. d5 Ne5 3. e4 d6 4. f4 Nd7 5. Nf3 c6 6. Be3 Ngf6 7. Nc3 cxd5 8. exd5 g6 9. Bc4 a6 10. a4 Bh6 11. 0-0 Qa5 12. Qe1 Qc7 13. Ba2 0-0 14. Qh4 Bg7 15. Bd4 Re8 16. Rfe1 Rb8 17. h3 Nc5 18. b4 Ncd7 19. Re3 Nh5 20. Ne2 Bf6 21. Bxf6 Ndxf6 22. Ned4 Bd7 23. Bb3 a5 24. b5 Rbc8 25. Rae1 Qd8 26. c3 Rc7 27. f5 gxf5 28. Ng5 f4 29. Rf3 Qc8 30. Ne4 Nxe4 31. Rxe4 Bf5 32. Nxf5 Qxf5 33. Bc2 Qg6 34. b6 Rcc8 35. Rexf4 1-0

[Event "Remote 7er 0104 email"]
[Site "Remote email"]
[Date "2014.05.17"]
[Round "?"]
[White "Camacho, Carlos Eduardo"]
[Black "Rogovsky, Daniel Javier"]
[Result "1-0"]
[WhiteElo "2301"]
[BlackElo "2104"]
[PlyCount "95"]
[EventDate "2014.??.??"]
[EventType "tourn (corr)"]
[EventRounds "6"]
[EventCountry "GER"]
[SourceTitle "Corr 2015"]
[Source "ChessBase"]
[SourceDate "2015.07.17"]
[SourceVersion "1"]
[SourceVersionDate "2015.07.17"]
[SourceQuality "1"]

1. d4 Nf6 2. c4 g6 3. Nf3 Bg7 4. Nc3 d6 5. e4 0-0 6. Be2 e5 7. dxe5 dxe5 8. Bg5 Nbd7 9. 0-0 c6 10. Qd6 h6 11. Be3 Ng4 12. Bd2 Qf6 13. Qa3 Qe6 14. h3 Ngf6 15. Be3 Re8 16. c5 Bf8 17. Nd2 b6 18. b4 a5 19. Bc4 Qe7 20. Rab1 Bb7 21. bxa5 b5 22. Rfc1 Nxc5 23. Nxb5 Nfxe4 24. Nxe4 Nxe4 25. Qxe7 Rxe7 26. Na7 c5 27. a6 Bxa6 28. Bxa6 Rexa7 29. Bb7 Rxb7 30. Rxb7 Rxa2 31. Rc7 f5 32. f3 Ng3 33. Kh2 Ne2 34. Rb1 Nd4 35. Bxd4 cxd4 36. Rb6 g5 37. Rd7 Ra8 38. Re6 f4 39. Rxe5 Bg7 40. Re6 Rf8 41. Rg6 Rf7 42. Rxd4 Rb7 43. h4 Kh7 44. Rdd6 Rb5 45. Kh3 gxh4 46. Kxh4 Bf8 47. Rb6 Rxb6 48. Rxb6 1-0

[Event "Remote 4er 0246 email"]
[Site "Remote email"]
[Date "2014.05.14"]
[Round "?"]
[White "Camacho, Carlos Eduardo"]
[Black "Floegel, Peter"]
[Result "1-0"]
[WhiteElo "2301"]
[BlackElo "2228"]
[PlyCount "39"]
[EventDate "2014.??.??"]
[EventType "tourn (corr)"]
[EventRounds "6"]
[EventCountry "GER"]
[SourceTitle "Corr 2015"]
[Source "ChessBase"]
[SourceDate "2015.07.17"]
[SourceVersion "1"]
[SourceVersionDate "2015.07.17"]
[SourceQuality "1"]

1. d4 Nf6 2. c4 e6 3. Nf3 d5 4. Bg5 dxc4 5. Nc3 c6 6. e4 b5 7. e5 h6 8. Bh4 g5 9. Nxg5 hxg5 10. Bxg5 Nbd7 11. exf6 Qa5 12. Qc1 Bb7 13. a4 b4 14. Ne4 Qf5 15. f3 c5 16. Qf4 Qxf4 17. Bxf4 Bxe4 18. fxe4 Bh6 19. Bg3 c3 20. bxc3 1-0

[Event "Remote 4er 0246 email"]
[Site "Remote email"]
[Date "2014.05.14"]
[Round "?"]
[White "Camacho, Carlos Eduardo"]
[Black "Santos, Pedro Miguel da Ros"]
[Result "1-0"]
[WhiteElo "2301"]
[BlackElo "1693"]
[PlyCount "31"]
[EventDate "2014.??.??"]
[EventType "tourn (corr)"]
[EventRounds "6"]
[EventCountry "GER"]
[SourceTitle "Corr 2015"]
[Source "ChessBase"]
[SourceDate "2015.07.17"]
[SourceVersion "1"]
[SourceVersionDate "2015.07.17"]
[SourceQuality "1"]

1. d4 d5 2. c4 e6 3. Nf3 Nc6 4. Nc3 Bb4 5. e3 Nf6 6. Bd3 Bxc3+ 7. bxc3 0-0 8. 0-0 b6 9. cxd5 exd5 10. Qc2 Ne7 11. Ba3 Re8 12. Ne5 Bb7 13. f4 Nf5 14. Bxf5 Ne4 15. Qe2 Bc8 16. Bxh7+ 1-0

[Event "Remote 4er 0245 email"]
[Site "Remote email"]
[Date "2014.04.06"]
[Round "?"]
[White "Camacho, Carlos Eduardo"]
[Black "Valverde Lopez, Mario"]
[Result "1-0"]
[WhiteElo "2301"]
[BlackElo "1988"]
[PlyCount "77"]
[EventDate "2014.??.??"]
[EventType "tourn (corr)"]
[EventRounds "6"]
[EventCountry "GER"]
[SourceTitle "Corr 2015"]
[Source "ChessBase"]
[SourceDate "2015.07.17"]
[SourceVersion "1"]
[SourceVersionDate "2015.07.17"]
[SourceQuality "1"]

1. d4 e6 2. c4 Nf6 3. Nf3 Bb4+ 4. Bd2 Qe7 5. Nc3 0-0 6. e3 b6 7. Bd3 Bb7 8. 0-0 d6 9. Re1 Bxc3 10. Bxc3 Ne4 11. Bxe4 Bxe4 12. Nd2 Bb7 13. e4 e5 14. Nf1 Nd7 15. Ng3 g6 16. d5 a5 17. Bd2 Nc5 18. Bh6 Rfc8 19. Qg4 Re8 20. Nf5 Qd8 21. Re3 Bc8 22. Rg3 Rb8 23. Rd1 b5 24. cxb5 Rxb5 25. Bc1 Bxf5 26. Qxf5 Rb4 27. f3 Ra4 28. a3 Rc4 29. Bg5 Qd7 30. Qf6 Qa4 31. Re1 Nd7 32. Qf5 Rb8 33. Bh6 Rxb2 34. h4 Rcc2 35. Qg5 Rb8 36. Qe7 Qxa3 37. h5 Qc5+ 38. Kh2 Qf2 39. hxg6 1-0

[Event "Remote 4er 0244 email"]
[Site "Remote email"]
[Date "2014.03.09"]
[Round "?"]
[White "Camacho, Carlos Eduardo"]
[Black "Cozza, Sebastian"]
[Result "1/2-1/2"]
[WhiteElo "2301"]
[BlackElo "2415"]
[PlyCount "102"]
[EventDate "2014.??.??"]
[EventType "tourn (corr)"]
[EventRounds "6"]
[EventCountry "GER"]
[SourceTitle "Corr 2015"]
[Source "ChessBase"]
[SourceDate "2015.07.17"]
[SourceVersion "1"]
[SourceVersionDate "2015.07.17"]
[SourceQuality "1"]

1. d4 d5 2. c4 c6 3. Nf3 Nf6 4. cxd5 cxd5 5. Qb3 Nc6 6. Nc3 e6 7. Bg5 h6 8. Bd2 Bd6 9. e3 a6 10. Bd3 b5 11. 0-0 0-0 12. Ne2 Bb7 13. Ng3 Qb6 14. a3 Rfc8 15. Rfc1 Rc7 16. Rc2 Rac8 17. Rac1 g6 18. Ne1 Na5 19. Qa2 Rxc2 20. Rxc2 Nc4 21. Bb4 e5 22. b3 e4 23. Be2 Bxb4 24. axb4 Nd6 25. Rc5 Bc6 26. Qc2 Nb7 27. Rc3 Kg7 28. h3 Nd8 29. h4 Qb8 30. Qb2 Bd7 31. h5 Rxc3 32. Qxc3 Qc8 33. Qc5 Ne6 34. Qxc8 Bxc8 35. Bd1 Nd8 36. hxg6 fxg6 37. f4 Nc6 38. Nc2 h5 39. Nh1 Bg4 40. Nf2 Bxd1 41. Nxd1 Ng4 42. Nc3 Ne7 43. Kf1 Kf6 44. Ke2 Kf5 45. Nd1 Nc6 46. Nc3 Nf6 47. Kf2 Kg4 48. Ne2 Ne7 49. Nc3 Kf5 50. Kf1 Ke6 51. Ke2 Nf5 1/2-1/2

[Event "Remote 4er 0244 email"]
[Site "Remote email"]
[Date "2014.03.09"]
[Round "?"]
[White "Camacho, Carlos Eduardo"]
[Black "Sevilla, Andres"]
[Result "0-1"]
[WhiteElo "2301"]
[BlackElo "2409"]
[PlyCount "104"]
[EventDate "2014.??.??"]
[EventType "tourn (corr)"]
[EventRounds "6"]
[EventCountry "GER"]
[SourceTitle "Corr 2015"]
[Source "ChessBase"]
[SourceDate "2015.07.17"]
[SourceVersion "1"]
[SourceVersionDate "2015.07.17"]
[SourceQuality "1"]

1. d4 f5 2. Nf3 Nf6 3. Nc3 g6 4. Bf4 Bg7 5. e3 0-0 6. Bd3 d6 7. 0-0 Nc6 8. a3 Qe8 9. Bc4+ e6 10. Qd3 Kh8 11. Bg5 Ne4 12. Bh4 h6 13. Rad1 Nxc3 14. Qxc3 e5 15. Rfe1 e4 16. Nd2 g5 17. Bg3 f4 18. exf4 Bxd4 19. Qb3 gxf4 20. Rxe4 Be5 21. Bh4 Qh5 22. Nf3 Bg4 23. Be2 Bxf3 24. Bxf3 Qxh4 25. Qxb7 Ne7 26. b4 c6 27. c4 Rab8 28. Qc7 Rbc8 29. Qd7 Qf6 30. Ree1 Rg8 31. Rd3 Rg7 32. Be4 c5 33. b5 Rf8 34. Qh3 Nc8 35. Bf3 Nb6 36. Re4 Rg6 37. Be2 Rfg8 38. Bf1 Qf7 39. Rf3 Nd7 40. Rd3 Nf6 41. Re1 Bd4 42. Rd2 Ng4 43. Re4 Ne5 44. Rc2 Qf6 45. Kh1 Rg4 46. Rxe5 dxe5 47. a4 e4 48. Qh5 Rxg2 49. Bxg2 f3 50. Bh3 Be3 51. Ra2 Qc3 52. Bf1 Qg7 0-1

[Event "Remote 4er 0244 email"]
[Site "Remote email"]
[Date "2014.03.09"]
[Round "?"]
[White "Cozza, Sebastian"]
[Black "Camacho, Carlos Eduardo"]
[Result "1-0"]
[WhiteElo "2415"]
[BlackElo "2301"]
[PlyCount "135"]
[EventDate "2014.??.??"]
[EventType "tourn (corr)"]
[EventRounds "6"]
[EventCountry "GER"]
[SourceTitle "Corr 2015"]
[Source "ChessBase"]
[SourceDate "2015.07.17"]
[SourceVersion "1"]
[SourceVersionDate "2015.07.17"]
[SourceQuality "1"]

1. e4 d6 2. d4 Nf6 3. Nc3 Nbd7 4. Nf3 e5 5. Bc4 Be7 6. 0-0 h6 7. Qe2 c6 8. a4 Qc7 9. Ba2 Nf8 10. Rd1 Ng6 11. a5 0-0 12. h3 Bd7 13. Be3 b5 14. axb6 axb6 15. d5 Qb7 16. Nd2 b5 17. dxc6 Bxc6 18. Qd3 Ra6 19. Bb3 Rfa8 20. Rxa6 Rxa6 21. Nf1 Nxe4 22. Nd5 Nc5 23. Bxc5 dxc5 24. Nxe7+ Nxe7 25. Qd8+ Kh7 26. Bxf7 Ra8 27. Qd3+ Be4 28. Qd7 Nf5 29. Qxb7 Bxb7 30. Rd7 Bc6 31. Rc7 Ra6 32. c3 c4 33. Be6 Nd6 34. Ne3 Kg6 35. h4 Be8 36. Re7 h5 37. Bg8 Bf7 38. Bxf7+ Nxf7 39. g4 Nd6 40. f3 hxg4 41. fxg4 Kh7 42. Re6 Kg8 43. h5 Kf7 44. Rg6 Ra1+ 45. Kg2 Ne8 46. Rb6 Ra2 47. Rxb5 Nd6 48. Rb6 Ke7 49. Kf3 Ra8 50. Rb4 Rf8+ 51. Kg2 Rc8 52. Kg3 Rc6 53. Kh4 Kf6 54. g5+ Ke6 55. Ra4 Rb6 56. Ra7 Rxb2 57. Rxg7 Re2 58. Rg6+ Kd7 59. Nd5 Re1 60. h6 Rh1+ 61. Kg4 Kc6 62. Nf6 Rg1+ 63. Kf3 Nf7 64. Ne4+ Kd5 65. h7 Rh1 66. Ra6 Rh3+ 67. Kg4 Kxe4 68. g6 1-0

[Event "Remote 4er 0244 email"]
[Site "Remote email"]
[Date "2014.03.09"]
[Round "?"]
[White "Sevilla, Andres"]
[Black "Camacho, Carlos Eduardo"]
[Result "1/2-1/2"]
[WhiteElo "2412"]
[BlackElo "2248"]
[PlyCount "49"]
[EventDate "2014.??.??"]
[EventType "tourn (corr)"]
[EventRounds "6"]
[EventCountry "GER"]
[SourceTitle "Corr 2015"]
[Source "ChessBase"]
[SourceDate "2015.07.17"]
[SourceVersion "1"]
[SourceVersionDate "2015.07.17"]
[SourceQuality "1"]

1. Nf3 Nf6 2. d4 d6 3. c4 Bg4 4. Qb3 Nc6 5. Nbd2 a5 6. d5 Nb4 7. h3 Bd7 8. e4 e6 9. a3 Na6 10. Qe3 exd5 11. cxd5 Nc5 12. Bc4 Be7 13. 0-0 0-0 14. Re1 Re8 15. Qd4 c6 16. dxc6 Bxc6 17. Ng5 d5 18. exd5 Bxd5 19. Re5 Ne6 20. Nxe6 Bxe6 21. Qxd8 Bxd8 22. Bxe6 Rxe6 23. Rxe6 fxe6 24. Nf3 Bb6 25. Be3 1/2-1/2

[Event "Remote 4er 0242 email"]
[Site "Remote email"]
[Date "2014.02.16"]
[Round "?"]
[White "Camacho, Carlos Eduardo"]
[Black "Bertram, Mike"]
[Result "1-0"]
[WhiteElo "2248"]
[BlackElo "1977"]
[PlyCount "61"]
[EventDate "2014.??.??"]
[EventType "tourn (corr)"]
[EventRounds "6"]
[EventCountry "GER"]
[SourceTitle "Corr 2015"]
[Source "ChessBase"]
[SourceDate "2015.07.17"]
[SourceVersion "1"]
[SourceVersionDate "2015.07.17"]
[SourceQuality "1"]

1. d4 Nf6 2. c4 d6 3. Nf3 g6 4. Nc3 Bg7 5. e4 0-0 6. Be2 e5 7. 0-0 exd4 8. Nxd4 Bd7 9. Be3 Na6 10. f3 Nc5 11. Qd2 Ne6 12. Rac1 Nxd4 13. Bxd4 Be6 14. Be3 Qd7 15. b4 a5 16. b5 b6 17. Nd5 Rab8 18. Bg5 Ne8 19. Be7 f5 20. Bxf8 Kxf8 21. exf5 Bxf5 22. Bd3 Be6 23. f4 Bxd5 24. cxd5 Bh6 25. Rc4 Ke7 26. Qe2+ Kd8 27. f5 gxf5 28. Bxf5 Qxb5 29. Re1 Bg5 30. Qe6 Bf6 31. Rc6 1-0

[Event "Remote Superturnier 20 email"]
[Site "Remote email"]
[Date "2014.02.13"]
[Round "?"]
[White "Camacho, Carlos Eduardo"]
[Black "Fleury, Flavio"]
[Result "1/2-1/2"]
[WhiteElo "2175"]
[BlackElo "2344"]
[PlyCount "90"]
[EventDate "2014.??.??"]
[EventType "tourn (corr)"]
[EventRounds "14"]
[EventCountry "GER"]
[SourceTitle "Corr 2015"]
[Source "ChessBase"]
[SourceDate "2015.07.17"]
[SourceVersion "1"]
[SourceVersionDate "2015.07.17"]
[SourceQuality "1"]

1. d4 Nf6 2. c4 g6 3. Nf3 d5 4. cxd5 Bg7 5. Qa4+ c6 6. dxc6 Nxc6 7. Nc3 Bf5 8. e3 0-0 9. Be2 a6 10. 0-0 b5 11. Qb3 Qd6 12. Bd2 Rac8 13. Rfc1 Rfd8 14. Ng5 e6 15. h3 h6 16. Nf3 g5 17. Be1 Qb8 18. Nd2 e5 19. d5 Nd4 20. exd4 exd4 21. Nxb5 axb5 22. Rxc8 Qxc8 23. d6 Rxd6 24. Qxb5 Rd5 25. Qa4 d3 26. Bf3 Rc5 27. Nb3 Rc4 28. Qb5 Ne4 29. Rd1 Bxb2 30. Rxd3 Nc3 31. Rd8+ Qxd8 32. Qxc4 Nxa2 33. Qa6 Bc3 34. Bxc3 Nxc3 35. Qxh6 Be4 36. Qh5 Bc2 37. Na1 Ba4 38. Qg4 Qd2 39. h4 Kg7 40. Kh2 Qf4+ 41. Qxf4 gxf4 42. Bb7 Kg6 43. g4 fxg3+ 44. fxg3 Bd1 45. Ba6 f5 1/2-1/2